Fabulous Flemings of Kathmandu (Record no. 5512)

MARC details
000 -LEADER
fixed length control field 00552nam a2200229 a 4500
020 ## - INTERNATIONAL STANDARD BOOK NUMBER
ISBN
082 00 - DEWEY DECIMAL CLASSIFICATION NUMBER
Classification number 201
Author Cutter FLE
100 ## - MAIN ENTRY--AUTHOR NAME
Author name Fletcher, Grace Nies
245 ## - TITLE STATEMENT
Title Fabulous Flemings of Kathmandu
260 ## - PUBLICATION, DISTRIBUTION, ETC. (IMPRINT)
Place of publication London
Name of publisher Hodder & Stoughton
Year of publication 1965
300 ## - PHYSICAL DESCRIPTION
Number of Pages 219p
500 ## - GENERAL NOTE
General note includes index and biblioraphy
505 2# - FORMATTED CONTENTS NOTE
Formatted contents note Index
942 ## - ADDED ENTRY ELEMENTS (KOHA)
Koha item type Books
700 1# -
-- Fletcher, Grace Nies
Holdings
Collection code Home library Current library Date acquired Cost, normal purchase price Full call number Accession Number Koha item type
  Henry Martyn Institute Library Henry Martyn Institute Library 03/19/2007 100.00 201 FLE 06600 Books
                   Copyright © 2026 | Henry Martyn Institute | Hyderabad | TS-500052 | INDIA | Implemented by hmi.edu.in
Hit-Count:

Powered by Koha